| 000 | 00935cam a2200301 a 4500 | ||
|---|---|---|---|
| 999 |
_c16536 _d16536 |
||
| 001 | 16494097 | ||
| 003 | OSt | ||
| 005 | 20180417095812.0 | ||
| 008 | 101007s2010 enk b 001 0 eng | ||
| 010 | _a 2010283328 | ||
| 015 |
_aGBB039467 _2bnb |
||
| 015 |
_aGBB039467 _2dnb |
||
| 016 | 7 |
_a015510944 _2Uk |
|
| 020 | _a9780567511416 (hbk.) | ||
| 020 | _a9780567550941 (pbk.) | ||
| 035 | _a(OCoLC)ocn466343924 | ||
| 040 | _aSEKU | ||
| 042 | _alccopycat | ||
| 050 | 0 | 0 |
_aBX 1749.T6 _bL6 |
| 100 | 1 |
_aLoughlin, Stephen J. _q(Stephen Joseph), _d1960- |
|
| 245 | 1 | 0 |
_aAquinas' Summa theologiae : _ba reader's guide / _cStephen J. Loughlin. |
| 260 |
_aLondon ; _aNew York : _bT & T Clark, _cc2010. |
||
| 300 | _a 323 p. ; | ||
| 490 | 0 | _aT & T Clark reader's guides | |
| 504 | _aIncludes bibliographical references (p. 317-319) and index. | ||
| 600 | 0 | 0 |
_aThomas, _cAquinas, Saint, _d1225?-1274. _tSumma theologica. |
| 942 |
_2lcc _cGEN |
||